Podniková příručka

Gespeichert in:
Bibliographische Detailangaben
Format: Buch
Sprache:Tschechisch
Veröffentlicht: Praha Státní nakladatelství technické literatury 1959
Tags: Tag hinzufügen
Keine Tags, Fügen Sie das erste Tag hinzu!

MARC

LEADER 00000nam a2200000 4500
001 c031178
005 20250930080208.4
041 0 |a cze 
044 |a CZ 
245 1 0 |a Podniková příručka  |c J. J. Čamra 
264 1 |a Praha  |b Státní nakladatelství technické literatury  |c 1959 
300 |a s. 257-544